000
00286nam a22001337a 4500
020
_a
9789384007157
082
_a
621.042
_b
GHO/RE
100
_a
Ghosh Roy M.K.
_9
1283
245
_a
Renewable Energy
250
_a
1
260
_a
New Delhi
_b
Medtec
_c
2015
300
_a
328
942
_c
BBS
999
_c
14740
_d
14740